01506nam a2200349Ia 4500001001200000003000800012006001900020007001500039008004100054010001700095020003300112020003600145040002100181035002100202050002500223245014600248260006600394300003000460490005700490504005300547533015200600650004400752650003800796655002900834700002800863700002500891700003400916710001700950830004600967856012601013999001701139ebr10269371CaPaEBRm u cr cn|||||||||080804s2008 ne ab sb 011 0 eng d z 2008034287 z9027229945 (hb : alk. paper) z9789027229946 (hb : alk. paper) aCaPaEBRcCaPaEBR a(OCoLC)31379141714aP240.6b.C365 2008eb00aCase and grammatical relationsh[electronic resource] :bstudies in honor of Bernard Comrie /cedited by Greville G. Corbett, Michael Noonan. aAmsterdam ;aPhiladelphia :bJohn Benjamins Pub. Co.,cc2008. aix, 290 p. :bill., maps.1 aTypological studies in language,x0167-7373 ;vv. 81 aIncludes bibliographical references and indexes. aElectronic reproduction.bPalo Alto, Calif. :cebrary,d2011.nAvailable via World Wide Web.nAccess may be limited to ebrary affiliated libraries. 0aGrammar, Comparative and generalxCase. 0aGrammar, Comparative and general. 7aElectronic books.2local1 aComrie, Bernard,d1947-1 aCorbett, Greville G.1 aNoonan, Michaelq(Michael P.)2 aebrary, Inc. 0aTypological studies in language ;vv. 81.40uhttp://site.ebrary.com/lib/rucke/Doc?id=10269371zAn electronic book accessible through the World Wide Web; click to view c23308d23308